[Event "ESP-ch U12"]
[Site "Granada"]
[Date "2016.07.04"]
[Round "1"]
[White "Mila Hernandez, Lorena"]
[Black "Fernandez Estremera, Fernando"]
[Result "0-1"]
[WhiteElo "1293"]
[BlackElo "1717"]
[PlyCount "112"]
[EventDate "2016.07.04"]
[EventType "swiss"]
[EventRounds "9"]
[EventCountry "ESP"]
[SourceTitle "EXT 2024"]
[Source "ChessBase"]
[SourceDate "2023.10.10"]
[SourceVersion "1"]
[SourceVersionDate "2023.10.10"]
[SourceQuality "1"]

1. d4 Nf6 2. Nc3 e6 3. e4 d6 4. Nf3 Be7 5. Be3 0-0 6. Be2 Nbd7 7. 0-0 e5 8. dxe5 Nxe5 9. Nxe5 dxe5 10. Qxd8 Rxd8 11. Rfd1 Be6 12. f3 c6 13. Rd3 b6 14. Rad1 h6 15. Rxd8+ Rxd8 16. Rxd8+ Bxd8 17. Kf1 Kf8 18. Ke1 Ke7 19. Kd2 Bc7 20. Kd3 Nd7 21. a3 Bd6 22. Na4 b5 23. Nc3 Bc5 24. Bxc5+ Nxc5+ 25. Kd2 a5 26. b3 Nd7 27. Kd3 Nb6 28. Kd2 Kd6 29. b4 a4 30. Bd3 Nc4+ 31. Ke2 Nxa3 32. Kd2 Nc4+ 33. Bxc4 Bxc4 34. g3 g5 35. Nb1 Kc7 36. Na3 Kb6 37. c3 Be6 38. Ke3 f5 39. Kd3 Kc7 40. Ke3 f4+ 41. Kf2 fxg3+ 42. hxg3 h5 43. Kg2 Kd6 44. Kh2 g4 45. Kg2 gxf3+ 46. Kxf3 Ke7 47. Ke3 Kf6 48. Kf2 Kg5 49. Kf3 Bb3 50. Nb1 Bd1+ 51. Kf2 Kg4 52. Na3 Bf3 53. c4 Bxe4 54. c5 Bd3 55. Kg2 e4 56. Kf2 Kh3 0-1

[Event "Benidorm New Generation U12 11th"]
[Site "Benidorm"]
[Date "2015.12.04"]
[Round "1.5"]
[White "Olariu, Luca Stefan"]
[Black "Mila Hernandez, Lorena"]
[Result "1-0"]
[WhiteElo "1566"]
[BlackElo "1246"]
[PlyCount "108"]
[EventDate "2015.12.04"]
[EventType "swiss"]
[EventRounds "7"]
[EventCountry "ESP"]
[SourceTitle "EXT 2024"]
[Source "ChessBase"]
[SourceDate "2023.10.10"]
[SourceVersion "1"]
[SourceVersionDate "2023.10.10"]
[SourceQuality "1"]

1. e4 d5 2. exd5 Nf6 3. Bb5+ Bd7 4. Bc4 c6 5. dxc6 Nxc6 6. Nf3 Bg4 7. 0-0 e6 8. h3 Bh5 9. Nc3 Be7 10. Be2 0-0 11. d3 Qb6 12. Rb1 Rfd8 13. Be3 Qc7 14. Nd2 Bg6 15. Nf3 e5 16. Nh4 Be4 17. Nxe4 Nxe4 18. Nf5 Bf8 19. Bf3 Nf6 20. Bg5 Be7 21. Nxe7+ Qxe7 22. Bxc6 bxc6 23. Qf3 Rd6 24. Rfe1 Re8 25. Re2 h6 26. Bd2 Qe6 27. b3 Nd5 28. Rbe1 Nb6 29. Bc3 Nd7 30. d4 f6 31. dxe5 fxe5 32. Qg3 Rd5 33. f4 Qd6 34. fxe5 Qe6 35. Qg4 Qxg4 36. hxg4 Re6 37. Re4 Rc5 38. R4e3 Nb6 39. Ba1 Rxc2 40. R3e2 Rc5 41. Bd4 Rd5 42. Bc3 Rd3 43. Bb4 Rg3 44. Re4 Rd3 45. Bd6 Nc8 46. Bc5 Rd5 47. b4 Nb6 48. Bd6 Nc8 49. Bc5 Nb6 50. Bxb6 axb6 51. Kf2 Rd2+ 52. R4e2 Rd3 53. Re3 Rd4 54. Re4 Rd3 1-0